000 00514nam a2200181Ia 4500
999 _c14244
_d14244
003 OSt
005 20201028110941.0
008 190216s9999||||xx |||||||||||||| ||und||
020 _a1853264776
040 _coclc
082 _a871
_bLIG/O
100 1 _aLight, Horace Robert
_91653
245 4 _aThe Odes In English Verse /
_cHorace Robert Light
260 _bWordsworth Editions Ltd,
_aLondon:
_c1997.
300 _a283p
650 _aEnglish
942 _cBK
_2ddc
_h871
_iLIG/O
_k871
_mLIG/O